zpět

Detail výsledku týmu

Pivovar Prokopák, Praha

Datum a čas kvízu

29.5 Celkem bodů Celkový počet nahraných bodů na tomto kvízu bez doplňovacích otázek.
12. Pořadí na kvízu Konečné umístění týmu na tomto kvízu.

Zaznamenané odpovědi

# Otázka Odpověď Body Výsledky
1. Bývalý premiér Jiří Paroubek s... Nespokojení 0
2. Ukrajinská pošta vydala k přip... Banksy 0
3. Britskou cenu BAFTA za nejlepš... Na západní frontě klid 1
4. Známý výrobce spodního prádla... Victoria's Secret 1
5. Česká reprezentace odjela z mi... Markéta Davidová 0
6. Téma o dezertech vyhrálo minul... z Portugalska 1
7. Jak se nazývá dezert v podobě... B) Pečená Aljaška, z Francie 1
8. Jak se jmenovala tato žena, če... Magdalena Dobromila Rettigová 1
9. Ze kterého města, které je dom... ze Salcburku 0
10. Koupil jsem v cukrárně ___, sl... Lence 1